00543nam a22001577a 4500020001800000040000900018082001800027100002900045110005100074245003500125260004200160650004500202942001200247999001900259952010700278 a9788177586411 cNUST a572.80285 ATT aAttwood, Teresa K991827 aParry-Smith, David J. Phukan, Samiron991828 aIntroduction to Bioinformatics aNEW DELHI:bPEARSON EDUCATION,c2014. aMolecular biology-Data processing991829 2ddccBK c589962d589962 00102ddc4070aCEMEbCEMEcGENd2022-05-24l0o572.80285 ATTpCEME-47880r2022-05-24w2022-05-24yBK